000 00890cam a2200265 i 4500
001 3997051
003 EG-ScBUE
005 20251221095708.0
008 960213s2006 ii a f 000 0 eng
020 _a8183561705
040 _aEG-ScBUE
_beng
_erda
_cEG-ScBUE
_dEG-ScBUE
082 0 4 _a548.8
_222
_bGOE
100 1 _aGoel, A.,
_eauthor.
245 1 0 _aCrystallography /
_cby Dr. A. Goel.
264 1 _aNew Delhi :
_bDiscovery Publishing House,
_c2006.
300 _a355 pages :
_billustrations ;
_c24 cm
336 _2rdacontent
_atext
_btxt
337 _aunmediated
_2rdamedia
_bn
338 _avolume
_bnc
_2rdacarrier
650 7 _aCrystallography.
_2BUEsh
655 _vReading book
856 4 2 _3Publisher description
_uhttp://www.loc.gov/catdir/description/wiley035/96011160.html
856 4 _3Table of Contents
_uhttp://www.loc.gov/catdir/toc/onix06/96011160.html
942 _2ddc
_cBB
999 _c10830
_d10830